000 01175nam a22002777a 4500
005 20101206113148.0
008 101206t xxu||||| |||| 00| 0 hin d
010 _aHIN-93201
020 _c300.00
_a9789380459066
035 _aHN-65547
037 _bDBAD/PUB
040 _aDPL
_bHN
082 _a820.8
100 _924598
_aहरपालसिंह 'अरूष'
245 _aदलित साहित्य के आधार तत्व /
_cहरपालसिंह 'अरूष'
246 _aDalit Sahitya ke Aadhar tatwa
_bby Prithvinath Pandey
260 _aनई दिल्ली
_bभारतीय पुस्तक मंदिर
_c2011
270 _bनई दिल्ली
_a175-सी पॉकेट-ए, मयूर विहार फेज-2
_e110091
300 _a192पृ.
_c22सेमी (सजिल्द)
650 _91169
650 _929580
700 _924599
700 _924924
942 _2ddc
_cHN
_mहरपा
_h820.8
999 _c53916
_d53916